| 000 | 00978nam a22002657a 4500 | ||
|---|---|---|---|
| 008 | 120205m19942004nyu|||||r|||| 00| 0 eng d | ||
| 020 | _a0340761946 | ||
| 020 | _a9780340761946 | ||
| 082 |
_a302.23 _bFRA |
||
| 100 |
_928612 _aFranklin, Bob |
||
| 245 |
_aPackaging Politics : _bPolitical Communications in Britain's Media Democracy / Bob Franklin |
||
| 250 | _aSecond Edition | ||
| 260 |
_aNew York _bBloomsbury _c2004 |
||
| 300 |
_aviii, 279 p. ; _c24 cm. |
||
| 504 | _aIncludes bibliographical references(p.231-266) and index. | ||
| 650 |
_bGovernment publicity _928619 |
||
| 650 |
_bCommunication in politics _928620 |
||
| 650 |
_bMass media _928621 |
||
| 650 |
_bPolitical aspects _928622 |
||
| 651 |
_aGreat Britain. _928624 |
||
| 651 | _928626 | ||
| 653 |
_cJanuary2012 _bPol |
||
| 942 |
_2ddc _cBB |
||
| 999 |
_c16388 _d16388 |
||